Stormlight Archive Character Quiz - Statistics

General Stats
  • This quiz has been taken 417 times
  • The average score is 23 of 36
Answer Stats
Hint Answer % Correct
Windrunner of the 4th Ideal Kaladin
98%
Woman with 3 personalities Shallan
92%
Head of the new Knights Radiant Dalinar
88%
The Assassin in White Szeth-son-son-Vallano
85%
The “traitor” to Bridge Four Moash
84%
The spren of the storms The Stormfather
84%
Known as The Ancient Daughter in Shadesmar Sylphrena
83%
The new Odium Taravangian
81%
The Late King of Alethkar, murdered during a feast Gavilar
80%
Knight bonded with a corrupted spren Renarin
79%
Horneater member of Bridge Four Rock
78%
Second spren of the above Pattern
75%
Stood trial for the Recreance Adolin
68%
Only Herald to be part of their respective order of Knights Nale
68%
Member of Bridge Four killed by the above Teft
68%
The spren of the Tower of Urithiru The Sibling
68%
Surgeon who believes one cannot protect by killing Lirin
67%
Radiant girl from Rall Elorim Lift
65%
The Herald dubbed: “The Bearer of Agonies” Talenelat
65%
The second Parshendi Radiant Venli
65%
The first Parshendi Radiant Eshonai
60%
Member of Bridge Four, the third Parshendi Radiant Rlain
60%
Highprince of Alethkar, assassinated in Urithiru Sadeas
60%
Human author of “The rhythm of war” Navani
59%
Mentor of the above Jasnah
57%
The Old Odium Rayse
56%
Named Zahel in the books Vasher
52%
Queen of Thaylenah Fen
49%
The only sane Herald known at the time of Rhythm of War Shalash
49%
The Herald that stays in Lasting Integrity Kalak
48%
FIRST spren of the above Testament
45%
Herald killed by a Raysium blade Jezerezeh
41%
Prime Aqasix of Azir Yanagawn I
40%
Fused author of “The rhythm of war” Raboniel
37%
Head of the Wall Guard just before the Fall of Kholinar(Use actual name) Vivenna
37%
Ruler of Tukar (Use real name) Ishi
36%
No matching quizzes found
Score Distribution
Percent of People with Each Score
Percentile by Number Answered
Your Score History
You have not taken this quiz